000 00574nam a2200229Ia 4500
003 OSt
005 20220924132718.0
006 a|||||r|||| 00| 0
007 ta
008 220923b |||||||| |||| 00| 0 san d
024 _a86275
037 _cTextual
040 _aARTS
_cARTS
_bsan
041 _2san
_asan
082 _aT:3:P15, 15J3 (P15)
100 _aUpadhyay Ramji
245 0 _aSanskrit svayam shikshak
260 _c1953
650 _aEDUCATION
942 _hT:3:P15, 15J3 (P15)
_cTEXL
_2CC
999 _c431240
_d431240